Aplicación del método del valor ganado a la administración de un proyecto de construcción
Guardado en:
| Hovedforfatter: | |
|---|---|
| Format: | Bog |
| Udgivet: |
[San José, Costa Rica]
2007
|
| Fag: | |
| Tags: |
Tilføj Tag
Ingen Tags, Vær først til at tagge denne postø!
|
MARC
| LEADER | 00000nam a2200000Ia 4500 | ||
|---|---|---|---|
| 003 | 001031 | ||
| 005 | 20221231144103.0 | ||
| 008 | 140114s2007 cr a 000 ||s d | ||
| 040 | |c cru CEDI | ||
| 090 | |a TFG 5559 | ||
| 100 | |a Vargas Arguedas, Jorge Alonso |9 4582 | ||
| 245 | |a Aplicación del método del valor ganado a la administración de un proyecto de construcción | ||
| 260 | |c 2007 |b [San José, Costa Rica] | ||
| 300 | |a 107, [13] hojas (algunas plegables); ilustraciones a color | ||
| 500 | |a Tesis (licenciatura en ingeniería civil)--Universidad de Costa Rica. Escuela de Ingeniería Civil | ||
| 650 | |x ADMINISTRACION DE PROYECTOS |x CONSTRUCCION |x CONTRATOS Y ESPECIFICACIONES |x COSTOS |x ANALISIS DE COSTOS |9 4583 | ||
| 942 | |c TFG | ||
| 999 | |c 16702 |d 16702 | ||
